000 00336nam a2200145Ia 4500
008 191201s2009 xx 000 0 und d
082 _a621.31
_bSEP
100 _aSEN, P C
245 0 _aPower Electronics
250 _a27th
260 _aN.Delhi
_bTata Mc Graw Hill
_c2009
300 _a1031
650 _aB.Tech(ECE)
942 _2ddc
_cBK
999 _c3185
_d3185